000
00490nam a2200145Ia 4500
008
100122s9999 xx 000 0 und d
082
_b
37522
_a
823
100
_a
बनहट्टी राजेंद्र
245
_a
मरणानंतरचे मरण
260
_b
विश्वमोहिनी प्रकाशन
_c
1905
300
_a
100
630
_a
मरणानंतरचे मरण
730
_a
मरणानंतरचे मरण
942
_c
BOOK
999
_c
419957
_d
419954